000 00441nam a2200169Ia 4500
008 230718s9999 xx 000 0 und d
020 _a9789350230367
041 _aeng
082 _a006.7'8
_bKRI
100 _aKrishnan S.
_9173929
245 _aProgramming Windows Azure
260 _c2010
_bOreilly
300 _a345
365 _cRs.
_b350.00
700 _aKrishnan S.
_9173929
906 _dO:0098031-Jul-2010B:459408-Jun-2010
_cIT
_b70
999 _c325447
_d325447